[Event "Doeberl Cup Minor 39th"]
[Site "Canberra"]
[Date "2001.04.15"]
[Round "5.39"]
[White "Le Roy, Andrew"]
[Black "Jochimsen, Erik"]
[Result "0-1"]
[WhiteElo "1514"]
[BlackElo "1458"]
[PlyCount "145"]
[EventDate "2001.04.13"]
[EventType "swiss"]
[EventRounds "7"]
[EventCountry "AUS"]
[SourceTitle "EXT 2002"]
[Source "ChessBase"]
[SourceDate "2001.11.25"]
[SourceVersion "1"]
[SourceVersionDate "2001.11.25"]
[SourceQuality "1"]

1. d4 d5 2. Nf3 e6 3. e3 Bd6 4. Nbd2 Nd7 5. e4 c6 6. e5 Bc7 7. Bd3 f6 8. Qe2 Nh6 9. 0-0 0-0 10. Re1 f5 11. Nf1 Ba5 12. c3 c5 13. Bxh6 gxh6 14. g3 c4 15. Bc2 Qe7 16. Nh4 Qg7 17. f4 Kh8 18. Ne3 Rg8 19. Kh1 Nf8 20. Rg1 Ng6 21. Rg2 Bd7 22. Rag1 Qe7 23. Nf3 Rg7 24. Qf2 Rag8 25. Nh4 Bd8 26. Nxg6+ hxg6 27. g4 Qh4 28. Qf3 Qe7 29. gxf5 gxf5 30. Rxg7 Rxg7 31. Rxg7 Qxg7 32. Qh5 Bb6 33. Bd1 Kg8 34. Qh4 Kf8 35. Bh5 Be8 36. Bxe8 Kxe8 37. Qh5+ Kd7 38. Nxf5 exf5 39. Qxf5+ Kc6 40. Qe6+ Kc7 41. Qxd5 Qg4 42. Qxc4+ Kb8 43. Qf1 h5 44. h3 Qf5 45. Kh2 h4 46. Qg2 Qxf4+ 47. Kg1 Qxe5 48. Qg8+ Kc7 49. Qh7+ Kc6 50. Qg6+ Kd7 51. Qh7+ Qe7 52. Qxe7+ Kxe7 53. Kf2 Bc7 54. c4 Bg3+ 55. Kf3 Kd6 56. b4 Be1 57. b5 b6 58. a4 Bc3 59. Ke4 Be1 60. Kf5 Bf2 61. Ke4 Bg3 62. Kf5 Be1 63. Ke4 Ke6 64. Kf4 Bg3+ 65. Ke4 Bd6 66. Kf3 Kf5 67. Ke3 Be7 68. Kf3 Bg5 69. c5 bxc5 70. dxc5 Bc1 71. c6 Ke6 72. Ke4 Kd6 73. Kf5 0-1

[Event "Doeberl Cup Minor 39th"]
[Site "Canberra"]
[Date "2001.04.14"]
[Round "4.37"]
[White "Hellmann, Oscar"]
[Black "Le Roy, Andrew"]
[Result "1/2-1/2"]
[WhiteElo "1581"]
[BlackElo "1514"]
[PlyCount "62"]
[EventDate "2001.04.13"]
[EventType "swiss"]
[EventRounds "7"]
[EventCountry "AUS"]
[SourceTitle "EXT 2002"]
[Source "ChessBase"]
[SourceDate "2001.11.25"]
[SourceVersion "1"]
[SourceVersionDate "2001.11.25"]
[SourceQuality "1"]

1. d4 Nf6 2. Nc3 e6 3. a3 d5 4. Bg5 Be7 5. Nf3 0-0 6. e3 b6 7. Ne5 Bb7 8. Be2 Nbd7 9. f4 Ne8 10. Bxe7 Qxe7 11. 0-0 f5 12. Qe1 Nxe5 13. fxe5 c5 14. Qg3 cxd4 15. exd4 a6 16. Rf2 g5 17. Raf1 Ng7 18. h3 h5 19. h4 g4 20. Bd3 Rac8 21. Ne2 b5 22. Nf4 Kh7 23. Qe3 Rc6 24. g3 Bc8 25. c3 Bd7 26. Ng2 Rb6 27. Qd2 Rfb8 28. Ne3 Bc6 29. Rf4 Rf8 30. Nc2 a5 31. Qe2 Qd7 1/2-1/2